01116cam a2200277 a 450000100070000000500170000700800410002401000140006502000150007904000180009405000240011208200240013624500940016026000550025430000330030950001110034250400410045365000640049470000220055870000200058070000340060070000400063494200120067499900170068695201350070359649320030530132141.0910327s1991 enka b 110 0 eng  a91003468  a0750611731 aDLCcDLCdDLC00aTP156.C7bA385 199100a660.284298220bADV00aAdvances in Industrial Crystallization /c[edited by] J. Garside, R.J. Davey, A.G. Jones. aOxford ;aBoston :bButterworth Heinemann,cc1991. aix, 244 p. :bill. ;c26 cm. aBased on a meeting held to honor J.W. Mullin on his retirement from University College London, Sept. 1990. aIncludes bibliographical references. 0aCrystallizationxIndustrial applicationsxCongresses.975141 aGarside, J.975151 aDavey, R.975161 aJones, A. G.q(Alan G.)975171 aMullin, J. W.q(John William)97518 2ddccBB c12187d12187 00102ddc40708AlahramaMAINbMAINc1STd2009-07-05epurchaseg297.00h72l0o660.284298 ADVp000017329r2025-07-15 00:00:00yBB